000 00803cam a2200253 4500500
005 20260111080456.0
041 _afre
042 _adc
100 1 0 _aCamby, Jean-Pierre
_eauthor
245 0 0 _aLa Cour des comptes et l’assistance au Parlement
260 _c2022.
500 _a57
690 _acommission des finances
690 _acontribution à l’audiovisuel public
690 _acour des comptes
690 _adette publique
690 _aéducation nationale
690 _aenquêtes
690 _afonction publique
690 _aLOLF
690 _aparlement
786 0 _nGestion & Finances Publiques | 2 | 2 | 2022-04-05 | p. 60-66 | 1969-1009
856 4 1 _uhttps://droit.cairn.info/revue-gestion-et-finances-publiques-2022-2-page-60?lang=fr&redirect-ssocas=7080
999 _c1616351
_d1616351